000 00333nam a2200145Ia 4500
005 20251222153539.0
008 251222s9999||||xx |||||||||||||| ||spa||
020 _a807819778
082 _a347.304.97/G13
100 _aGaines, Jane M.
245 0 _aContested Culture:
250 _a1ra.ed.
264 _bChapel Hill
942 _cLIB
999 _c30403
_d30403